[Event "Aarhus Masters Open"]
[Site "Aarhus"]
[Date "1998.??.??"]
[Round "6"]
[White "Rasmussen, Casper Dahl"]
[Black "Lindfeldt, Jan Magnus"]
[Result "1/2-1/2"]
[WhiteElo "2245"]
[BlackElo "2230"]
[PlyCount "64"]
[EventDate "1998.??.??"]
[EventType "swiss"]
[EventRounds "7"]
[EventCountry "DEN"]
[SourceTitle "EXT 1999"]
[Source "ChessBase"]
[SourceDate "1998.11.10"]

1. e4 e5 2. Nf3 Nc6 3. d4 exd4 4. Nxd4 Bc5 5. Nb3 Bb4+ 6. Bd2 Qe7 7. Bd3 Bxd2+
8. Qxd2 Nf6 9. Nc3 Nb4 10. O-O Nxd3 11. Qxd3 O-O 12. Rae1 d6 13. Nd5 Nxd5 14.
exd5 Qf6 15. Nd4 Bd7 16. Re3 Rfe8 17. Rfe1 Rxe3 18. Rxe3 c5 19. dxc6 bxc6 20.
c3 a5 21. Qe4 d5 22. Qe7 Qxe7 23. Rxe7 Rd8 24. Nb3 Kf8 25. Re2 Ra8 26. Nc5 Bf5
27. f3 h5 28. Kf2 Rb8 29. a4 f6 30. Ke3 Re8+ 31. Kd2 Rb8 32. Ke3 Re8+ 1/2-1/2

[Event "Aarhus Masters Open"]
[Site "Aarhus"]
[Date "1998.??.??"]
[Round "1"]
[White "Rasmussen, Casper Dahl"]
[Black "Matthiesen, Arne"]
[Result "1/2-1/2"]
[WhiteElo "2245"]
[BlackElo "2280"]
[PlyCount "58"]
[EventDate "1998.??.??"]
[EventType "swiss"]
[EventRounds "7"]
[EventCountry "DEN"]
[SourceTitle "EXT 1999"]
[Source "ChessBase"]
[SourceDate "1998.11.10"]

1. e4 e6 2. d4 d5 3. Nd2 c5 4. exd5 Qxd5 5. Ngf3 cxd4 6. Bc4 Qd6 7. O-O Nf6 8.
Nb3 Nc6 9. Nbxd4 Nxd4 10. Nxd4 a6 11. b3 Qc7 12. Bb2 Bd6 13. Nf3 Bd7 14. Qe2
O-O-O 15. Ne5 Be8 16. Rad1 Nd7 17. Nxd7 Bxh2+ 18. Kh1 Bxd7 19. Bxa6 Bc6 20. Bb5
Bf4 21. Bxc6 Qxc6 22. Be5 Bxe5 23. Qxe5 f6 24. Qa5 Rxd1 25. Rxd1 Qxc2 26. Qa8+
Kc7 27. Qa5+ Kc8 28. Qa8+ Kc7 29. Qa5+ Kc8 1/2-1/2

[Event "Aarhus Masters Open"]
[Site "Aarhus"]
[Date "1998.??.??"]
[Round "4"]
[White "Rasmussen, Casper Dahl"]
[Black "Skytte, Rasmus"]
[Result "1/2-1/2"]
[WhiteElo "2245"]
[BlackElo "2205"]
[PlyCount "61"]
[EventDate "1998.??.??"]
[EventType "swiss"]
[EventRounds "7"]
[EventCountry "DEN"]
[SourceTitle "EXT 1999"]
[Source "ChessBase"]
[SourceDate "1998.11.10"]

1. e4 c5 2. Nf3 e6 3. d4 cxd4 4. Nxd4 a6 5. Bd3 Qc7 6. O-O Nc6 7. Nxc6 Qxc6 8.
c4 Bc5 9. Nc3 Ne7 10. Qe2 d6 11. a3 Ng6 12. Bd2 Bd4 13. Rab1 O-O 14. Kh1 Bxc3
15. Bxc3 e5 16. Bd2 Be6 17. Rfc1 Rfc8 18. f3 Rc7 19. Rc2 Rac8 20. Rbc1 Qa4 21.
Be3 h6 22. Rc3 Qd7 23. Qc2 Qe7 24. Bf1 Qf6 25. Qd2 Rc6 26. b4 Nf4 27. a4 R6c7
28. b5 Qe7 29. Bb6 Rd7 30. Qf2 axb5 31. axb5 1/2-1/2

[Event "Aarhus Masters Open"]
[Site "Aarhus"]
[Date "1998.??.??"]
[Round "6"]
[White "Rendboe, John Filip"]
[Black "Holst, Allan"]
[Result "0-1"]
[WhiteElo "2320"]
[BlackElo "2365"]
[PlyCount "112"]
[EventDate "1998.??.??"]
[EventType "swiss"]
[EventRounds "7"]
[EventCountry "DEN"]
[SourceTitle "EXT 1999"]
[Source "ChessBase"]
[SourceDate "1998.11.10"]

1. d4 e6 2. c4 f5 3. g3 Nf6 4. Bg2 c6 5. Nf3 d5 6. O-O Bd6 7. b3 Qe7 8. a4 b6
9. Ba3 Bxa3 10. Nxa3 Bb7 11. a5 O-O 12. Ne5 Nfd7 13. Nd3 Nf6 14. Ne5 Na6 15.
Nc2 c5 16. Qb1 Ne4 17. Qb2 Rfd8 18. e3 Qc7 19. Rfe1 Rac8 20. axb6 axb6 21. Nd3
Qe7 22. cxd5 exd5 23. Red1 Ra8 24. dxc5 bxc5 25. b4 c4 26. Nf4 Nc7 27. Nd4 Qf6
28. Rxa8 Rxa8 29. Ra1 g6 30. Rxa8+ Bxa8 31. b5 Qb6 32. Qa3 Kf7 33. h4 Nd6 34.
Nc6 Qxb5 35. Nd8+ Ke7 36. Nf7 Qa6 37. Qc5 Qc6 38. Qxc6 Bxc6 39. Ng5 h6 40. Nf3
Kf6 41. Nxg6 d4 42. Nf4 d3 43. Kf1 Be4 44. Ke1 Ncb5 45. Nd4 Nxd4 46. exd4 Bxg2
47. Nxg2 c3 48. Nf4 d2+ 49. Kd1 Kf7 50. Ne2 Nb5 51. f3 h5 52. d5 Ke7 53. Nf4
Kd6 54. Nxh5 Na3 55. Ng7 Ke5 56. f4+ Ke4 0-1

[Event "Aarhus Masters Open"]
[Site "Aarhus"]
[Date "1998.??.??"]
[Round "1"]
[White "Rewitz, Poul"]
[Black "Rendboe, John Filip"]
[Result "1/2-1/2"]
[WhiteElo "2335"]
[BlackElo "2320"]
[PlyCount "65"]
[EventDate "1998.??.??"]
[EventType "swiss"]
[EventRounds "7"]
[EventCountry "DEN"]
[SourceTitle "EXT 1999"]
[Source "ChessBase"]
[SourceDate "1998.11.10"]

1. e4 c5 2. Nf3 Nc6 3. d4 cxd4 4. Nxd4 e5 5. Nb5 d6 6. Bd3 Be7 7. O-O Nf6 8.
Bg5 O-O 9. Nd2 a6 10. Nc3 Be6 11. Re1 Ng4 12. Bxe7 Nxe7 13. h3 Nh6 14. Bc4 Qd7
15. Bb3 Rac8 16. Nf1 f5 17. Ne3 Kh8 18. Ned5 Nxd5 19. Nxd5 Qf7 20. f3 fxe4 21.
Rxe4 Nf5 22. c3 Ng3 23. Rb4 e4 24. Nb6 exf3 25. Qxf3 Qg6 26. Qxb7 Bxh3 27. gxh3
Ne4+ 28. Kh1 Qg3 29. Rxe4 Qxh3+ 30. Kg1 Qg3+ 31. Kh1 Qh3+ 32. Kg1 Qg3+ 33. Kh1
1/2-1/2

[Event "Aarhus Masters Open"]
[Site "Aarhus"]
[Date "1998.??.??"]
[Round "1"]
[White "Skytte, Rasmus"]
[Black "Hansen, Bjarne"]
[Result "1-0"]
[WhiteElo "2205"]
[BlackElo "2245"]
[PlyCount "57"]
[EventDate "1998.??.??"]
[EventType "swiss"]
[EventRounds "7"]
[EventCountry "DEN"]
[SourceTitle "EXT 1999"]
[Source "ChessBase"]
[SourceDate "1998.11.10"]

1. e4 d5 2. exd5 Nf6 3. d4 Nxd5 4. Nf3 g6 5. Be2 Bg4 6. O-O Bg7 7. c4 Nb6 8.
Nc3 O-O 9. c5 Nd5 10. Qb3 Nxc3 11. bxc3 b6 12. Rd1 bxc5 13. dxc5 Qc8 14. Be3 e5
15. Qa4 Bd7 16. Qh4 f6 17. Rd2 Nc6 18. Rad1 Be6 19. Bb5 Nd8 20. Qa4 c6 21. Ba6
Qc7 22. Rd6 Re8 23. Bc4 Bxc4 24. Rd7 Qc8 25. Qxc4+ Kh8 26. Qh4 Ne6 27. Bh6 Rd8
28. Bxg7+ Nxg7 29. Rxd8+ 1-0

[Event "Aarhus Masters Open"]
[Site "Aarhus"]
[Date "1998.??.??"]
[Round "1"]
[White "Windelboe, Werner"]
[Black "Alkaersig, Ole"]
[Result "1/2-1/2"]
[WhiteElo "2205"]
[BlackElo "2170"]
[PlyCount "68"]
[EventDate "1998.??.??"]
[EventType "swiss"]
[EventRounds "7"]
[EventCountry "DEN"]
[SourceTitle "EXT 1999"]
[Source "ChessBase"]
[SourceDate "1998.11.10"]

1. e4 e5 2. Nf3 Nc6 3. d4 exd4 4. Nxd4 Nf6 5. Nxc6 bxc6 6. Nc3 d5 7. exd5 cxd5
8. Bb5+ Bd7 9. Qe2+ Be7 10. Bg5 O-O 11. Bxd7 Qxd7 12. O-O Rab8 13. Rad1 c6 14.
b3 Rfe8 15. Qf3 h6 16. Bh4 Nh7 17. Bg3 Ng5 18. Qd3 Rbd8 19. Rfe1 Bf6 20. Na4
Rxe1+ 21. Rxe1 Ne6 22. Be5 Bxe5 23. Rxe5 Qd6 24. Re1 Qa3 25. Qc3 c5 26. Qa5 Qb4
27. Qxb4 cxb4 28. Rd1 Rc8 29. Rd2 Kf8 30. g3 Ke7 31. Rxd5 Rxc2 32. Ra5 Rxa2 33.
Rxa7+ Kf6 34. Rb7 Nd4 1/2-1/2

[Event "Aarhus Masters Open"]
[Site "Aarhus"]
[Date "1998.??.??"]
[Round "3"]
[White "Windelboe, Werner"]
[Black "Rasmussen, Casper Dahl"]
[Result "0-1"]
[WhiteElo "2205"]
[BlackElo "2245"]
[PlyCount "120"]
[EventDate "1998.??.??"]
[EventType "swiss"]
[EventRounds "7"]
[EventCountry "DEN"]
[SourceTitle "EXT 1999"]
[Source "ChessBase"]
[SourceDate "1998.11.10"]

1. d4 Nf6 2. c4 c5 3. Nf3 cxd4 4. Nxd4 g6 5. Nc3 Bg7 6. e4 Nc6 7. Be3 Ng4 8.
Qxg4 Nxd4 9. Qd1 Ne6 10. Be2 Bxc3+ 11. bxc3 Qa5 12. O-O d6 13. Qd2 Bd7 14. f4
Nc5 15. Qd4 f6 16. e5 Ne6 17. Qd2 dxe5 18. fxe5 Qxe5 19. Bf3 Bc6 20. Bxc6+ bxc6
21. Rae1 Rd8 22. Qc2 Qc7 23. Qe4 Kf7 24. Kh1 Ng7 25. Bc5 Rhe8 26. Qe3 Nf5 27.
Qe6+ Kf8 28. g4 Nd6 29. g5 Qd7 30. gxf6 Qxe6 31. Rxe6 Kf7 32. fxe7+ Kxe6 33.
exd8=Q Rxd8 34. Re1+ Kf7 35. Rd1 Ke6 36. Re1+ Kd7 37. Rd1 Kc7 38. Bxa7 Ra8 39.
c5 Nc4 40. Bb6+ Nxb6 41. cxb6+ Kxb6 42. Rd7 h5 43. Rg7 Ra3 44. Rxg6 Rxc3 45.
Rh6 Rc2 46. a3 Kb5 47. Rxh5+ Ka4 48. Rh3 c5 49. Rg3 c4 50. h4 c3 51. h5 Kb3 52.
h6 Rd2 53. h7 Rd8 54. Rg8 c2 55. h8=Q c1=Q+ 56. Kh2 Qf4+ 57. Kh1 Qf3+ 58. Kh2
Rd2+ 59. Kg1 Rd1+ 60. Kh2 Rh1# 0-1